000
00330pam a2200157a 44500
008
230405s1992 xxu||||| |||| 00| 0 eng d
041
_a
ENG
100
_a
Neill graham
245
_a
Learning C
250
_a
1
260
_a
_b
Mc graw hill
_c
1992
300
_a
314P,24Cm
440
_a
506
690
_a
IMRDA
906
_a
1678
999
_c
254537
_d
254537